| 000 | 01727nam a2200421 a 4500 | ||
|---|---|---|---|
| 001 | ebr10537845 | ||
| 003 | CaPaEBR | ||
| 006 | m u | ||
| 007 | cr cn||||||||| | ||
| 008 | 030709s2003 enkabf sb 001 0 eng d | ||
| 010 | _z 2003271857 | ||
| 020 | _z0192803409 | ||
| 020 | _z9780192803405 | ||
| 020 | _z9780191587917 (e-book) | ||
| 040 |
_aCaPaEBR _cCaPaEBR |
||
| 035 | _a(OCoLC)252642537 | ||
| 043 | _apoea--- | ||
| 050 | 1 | 4 |
_aF3169 _b.B34 2003eb |
| 082 | 0 | 4 |
_a996.18 _221 |
| 100 | 1 | _aFlenley, John. | |
| 245 | 1 | 4 |
_aThe enigmas of Easter Island _h[electronic resource] : _bisland on the edge / _cJohn Flenley and Paul Bahn. |
| 250 | _a[2nd ed.]. | ||
| 260 |
_aOxford : _bOxford University Press, _c2003. |
||
| 300 |
_axvii, 256 p., [8] p. of plates : _bill. (some col.), maps. |
||
| 500 | _aPrevious ed. published as: Easter Island Earth Island. London : Thames & Hudson, 1992. | ||
| 504 | _aIncludes bibliographical references and index. | ||
| 505 | 0 | _apt. 1. The original 'boat people' -- pt. 2. Ancestors of stone : a petrified dream -- pt. 3. The aftermath. | |
| 533 |
_aElectronic reproduction. _bPalo Alto, Calif. : _cebrary, _d2011. _nAvailable via World Wide Web. _nAccess may be limited to ebrary affiliated libraries. |
||
| 650 | 0 |
_aPrehistoric peoples _zEaster Island. |
|
| 650 | 0 |
_aSculpture, Prehistoric _zEaster Island. |
|
| 651 | 0 |
_aEaster Island _xHistory. |
|
| 651 | 0 |
_aEaster Island _xAntiquities. |
|
| 655 | 7 |
_aElectronic books. _2local |
|
| 700 | 1 | _aBahn, Paul G. | |
| 710 | 2 | _aebrary, Inc. | |
| 730 | 0 | _aEaster Island Earth Island. | |
| 856 | 4 | 0 |
_uhttp://site.ebrary.com/lib/rucke/Doc?id=10537845 _zAn electronic book accessible through the World Wide Web; click to view |
| 999 |
_c134733 _d134733 |
||